Les 20 plus gros transferts de Manchester united - Statistiques

Statistiques générales
  • Ce quiz a été pris 402 fois
  • Le résultat moyen est 14 sur 20
Statistiques - réponses
Club Transfert Club Joueur % Correct
Manchester united 94M Real Madrid Ronaldo
97%
Juventus 105M Manchester united Pogba
96%
Leicester 87M Manchester united Maguire
92%
Dortmund 85M Manchester united Sancho
92%
Ajax 95M Manchester united Antony
89%
Real Madrid 70.65M Manchester united Casemiro
81%
Sporting Portugal 65M Manchester united Fernandes
81%
Monaco 60M Manchester united Martial
81%
Real Madrid 75M Manchester united Di maria
80%
Manchester united 63M PSG Di maria
80%
Manchester united 74M Inter Milan Lukaku
75%
Atalanta 73.90M Manchester united Hojlund
70%
Chelsea 64.20M Manchester united Mount
64%
Shakhtar 59M Manchester united Fred
63%
Crystal Palace 55M Manchester united Wan-Bissaka
55%
Inter Milan 50.20M Manchester united Onana
48%
Ajax 57.37M Manchester united Martinez
45%
Chelsea 44.73M Manchester united Mata
43%
Leeds united 46M Manchester united Ferdinand
35%
Chelsea 44.70M Manchester united Matic
29%
Aucun quiz correspondant
Distribution des résultats
% des personnes avec chaque résultat
Percentile par nombre de réponses
Votre historique - résultats
Vous n’avez pas pris ce quiz